000 00193 a2200097 4500
001 10498
100 _aWykeham, P.
245 _aFighter command
260 _a
_bPutnam
_c
090 _c8114
_d8114
942 _aNUST-CAE
_cM
_c34839
999 _c245571
_d245571